The Pisces Standard (Record no. 119551)

MARC details
000 -LEADER
fixed length control field 00774cam a2200169 4500
001 - CONTROL NUMBER
control field WS107510
008 - FIXED-LENGTH DATA ELEMENTS--GENERAL INFORMATION
fixed length control field 000000n 000 0 eng u
035 ## - SYSTEM CONTROL NUMBER
System control number (Sirsi) u107510
245 #4 - TITLE STATEMENT
Title The Pisces Standard
520 ## - SUMMARY, ETC.
Summary, etc. Property Information System Common Exchange Standard (PISCES) is a common data exchange standard being devised by property software suppliers, surveying firms and IPD. These pages give an outline of progress so far and lists the parties involved.
650 0# - SUBJECT ADDED ENTRY--TOPICAL TERM
Topical term or geographic name entry element PROPERTY INDUSTRY SYSTEMS COMMON EXCHANGE STANDARD
650 ## - SUBJECT ADDED ENTRY--TOPICAL TERM
Topical term or geographic name entry element DATA EXCHANGE
650 ## - SUBJECT ADDED ENTRY--TOPICAL TERM
Topical term or geographic name entry element BUILT ENVIRONMENT
690 ## - LOCAL SUBJECT ADDED ENTRY--TOPICAL TERM (OCLC, RLIN)
Topical term or geographic name as entry element MANAGEMENT-BUSINESS MANAGEMENT-INFORMATION MANAGEMENT
856 40 - ELECTRONIC LOCATION AND ACCESS
Uniform Resource Identifier <a href="https://www.pisces.co.uk">https://www.pisces.co.uk</a>
Public note View the website free of charge at www.pisces.co.uk...
942 ## - ADDED ENTRY ELEMENTS (KOHA)
Suppress in OPAC 0
Holdings
Withdrawn status Lost status Source of classification or shelving scheme Damaged status Not for loan Home library Current library Shelving location Date acquired Total Checkouts Full call number Barcode Date last seen Copy number Price effective from Koha item type
    Dewey Decimal Classification     Virtual Virtual Online 02/08/2000   WEB SITE 107510-2001 06/08/2019 1 06/08/2019 Online material